000 00624nam a2200277Ia 4500
005 20260324134122.0
008 008 260324s9999 xx 000 0 eng d
020 _a9781315053745
037 _aEBOOK
040 _aCRL
040 _beng
040 _cCRL
041 _2eng
041 _aeng
084 _qCRL
100 _aNobuo K. Shimahara
_91195637
245 0 _aTeaching in Japan
260 _bTaylor and Francis
260 _c2002
365 _a
365 _b230
856 _uhttp://www.taylorfrancis.com/books/9781315053745
942 _cEBOOK
999 _c1795366
_d1795366